[Event "Europa ch 2012 femenino"]
[Site "Gaziantep TUR"]
[Date "2012.03.12"]
[Round "10.10"]
[White "Muzychuk, Mariya"]
[Black "Gaponenko, Inna"]
[Result "0-1"]
[WhiteElo "2490"]
[BlackElo "2416"]
[PlyCount "122"]
[EventDate "2012.03.02"]
[EventType "swiss"]
[EventRounds "11"]
[EventCountry "TUR"]
[Source "lmi"]
[SourceDate "2012.03.02"]

1. d4 d5 2. c4 e6 3. Nc3 Nf6 4. cxd5 Nxd5 5. e4 Nxc3 6. bxc3 c5 7. Nf3 cxd4 8.
cxd4 Bb4+ 9. Bd2 Bxd2+ 10. Qxd2 O-O 11. Bc4 Nd7 12. O-O b6 13. Rad1 Bb7 14.
Rfe1 Rc8 15. Bb3 h6 16. d5 e5 17. Qb2 Qf6 18. Rc1 Qd6 19. Rxc8 Rxc8 20. Rc1
Rxc1+ 21. Qxc1 Qc5 22. Qxc5 Nxc5 23. Bc2 f6 24. Nd2 Ba6 25. f3 Kf7 26. g3 Ke7
27. Kf2 Bd3 28. Bd1 b5 29. Ke3 Kd6 30. Be2 Bxe2 31. Kxe2 a5 32. a3 a4 33. Nf1
f5 34. Nd2 fxe4 35. fxe4 Nd7 36. Kd3 Kc5 37. Kc3 Nf6 38. Kd3 b4 39. axb4+ Kxb4
40. Kc2 a3 41. d6 Nd7 42. g4 Kc5 43. Kb3 Kxd6 44. Kxa3 Kc5 45. Kb3 Kd4 46. Kc2
Ke3 47. h3 Nc5 48. Nc4+ Kxe4 49. Nd6+ Kf3 50. Nf5 Ne6 51. Kd1 e4 52. Kd2 Kf2
53. h4 g6 54. Ne3 Nd4 55. Nd1+ Kf3 56. g5 h5 57. Nc3 Nf5 58. Ke1 Nxh4 59. Ne2
Nf5 60. Nc3 e3 61. Ne2 h4 0-1

[Event "Europa ch 2012 femenino"]
[Site "Gaziantep TUR"]
[Date "2012.03.12"]
[Round "10.11"]
[White "Bodnaruk, Anastasia"]
[Black "Skripchenko, Almira"]
[Result "1-0"]
[WhiteElo "2412"]
[BlackElo "2468"]
[PlyCount "95"]
[EventDate "2012.03.02"]
[EventType "swiss"]
[EventRounds "11"]
[EventCountry "TUR"]
[Source "lmi"]
[SourceDate "2012.03.02"]

1. e4 g6 2. d4 Bg7 3. Nc3 c6 4. Be3 d6 5. g3 Nf6 6. h3 O-O 7. Bg2 e5 8. Nge2
Qc7 9. O-O b5 10. a3 Nbd7 11. g4 Nb6 12. d5 Bb7 13. b3 cxd5 14. exd5 a6 15. Qd2
Rac8 16. Rad1 Ne8 17. Na2 f5 18. gxf5 gxf5 19. f4 e4 20. Nb4 Rf6 21. Nd4 Nxd5
22. Nxd5 Bxd5 23. Nxb5 axb5 24. Qxd5+ Qf7 25. Qxb5 Rxc2 26. Rc1 Rc7 27. Bb6 Rd7
28. a4 d5 29. a5 d4 30. a6 Rxb6 31. Qxb6 d3 32. Qb8 Bd4+ 33. Kh2 Kg7 34. Rc8
Nf6 35. Rd8 e3 36. Bf3 e2 37. Rb1 Qg6 38. Rxd7+ Nxd7 39. Qb5 Qd6 40. Qxd3 Qxf4+
41. Kg2 Ne5 42. Qxe2 Ng6 43. Kh1 Ne5 44. Rf1 Qh4 45. Bg2 Qf6 46. Qb5 Ng4 47.
Qd7+ Kg6 48. a7 1-0

[Event "Europa ch 2012 femenino"]
[Site "Gaziantep TUR"]
[Date "2012.03.12"]
[Round "10.13"]
[White "Molchanova, Tatjana"]
[Black "Sandu, Mihaela"]
[Result "0-1"]
[WhiteElo "2346"]
[BlackElo "2253"]
[PlyCount "60"]
[EventDate "2012.03.02"]
[EventType "swiss"]
[EventRounds "11"]
[EventCountry "TUR"]
[Source "lmi"]
[SourceDate "2012.03.02"]

1. e4 c5 2. Nf3 d6 3. d4 cxd4 4. Nxd4 Nf6 5. f3 e5 6. Nb3 d5 7. Bg5 Be6 8. Nc3
d4 9. Bb5+ Nc6 10. Ne2 Qb6 11. Bd3 Nb4 12. O-O h6 13. Bxf6 gxf6 14. f4 Nxd3 15.
cxd3 h5 16. fxe5 fxe5 17. Ng3 h4 18. Nf5 O-O-O 19. Rc1+ Kb8 20. Rc2 h3 21. g3
Qa6 22. Nc1 Rc8 23. Rxc8+ Bxc8 24. Qd2 Bxf5 25. Qg5 Bh6 26. Qxf5 Be3+ 27. Kh1
f6 28. Nb3 Qxd3 29. Nc5 Qc2 30. Nd7+ Kc7 0-1

[Event "Europa ch 2012 femenino"]
[Site "Gaziantep TUR"]
[Date "2012.03.12"]
[Round "10.14"]
[White "Ziaziulkina, Nastassia"]
[Black "Chelushkina, Irina"]
[Result "1-0"]
[WhiteElo "2343"]
[BlackElo "2263"]
[PlyCount "79"]
[EventDate "2012.03.02"]
[EventType "swiss"]
[EventRounds "11"]
[EventCountry "TUR"]
[Source "lmi"]
[SourceDate "2012.03.02"]

1. e4 e6 2. d4 d5 3. Nc3 Bb4 4. e5 b6 5. a3 Be7 6. Nf3 c6 7. Bd3 Ba6 8. Ne2 Qd7
9. Bxa6 Nxa6 10. Qd3 Nc7 11. O-O c5 12. b3 h5 13. Rd1 Nh6 14. Bxh6 Rxh6 15. c4
g5 16. Nc3 g4 17. Ne1 O-O-O 18. Nc2 Rg6 19. b4 g3 20. hxg3 h4 21. gxh4 Bxh4 22.
bxc5 bxc5 23. Ne3 Rh8 24. dxc5 Be7 25. cxd5 Rgh6 26. Kf1 Bxc5 27. d6 Bxe3 28.
Qxe3 Nd5 29. Qc5+ Kd8 30. Rab1 Nb6 31. Nb5 Rh1+ 32. Ke2 Rxd1 33. Rxd1 Nd5 34.
Nd4 Qb7 35. Rc1 Rh5 36. Nc6+ Kd7 37. Kd2 Qb6 38. Qxb6 axb6 39. g3 Rh8 40. Nb4
1-0

[Event "Europa ch 2012 femenino"]
[Site "Gaziantep TUR"]
[Date "2012.03.12"]
[Round "10.15"]
[White "Isgandarova, Khayala"]
[Black "Repkova, Eva"]
[Result "0-1"]
[WhiteElo "2203"]
[BlackElo "2416"]
[PlyCount "38"]
[EventDate "2012.03.02"]
[EventType "swiss"]
[EventRounds "11"]
[EventCountry "TUR"]
[Source "lmi"]
[SourceDate "2012.03.02"]

1. e4 d5 2. exd5 Qxd5 3. Nc3 Qa5 4. d4 c6 5. Nf3 Nf6 6. Bc4 Bf5 7. Bd2 e6 8.
Nd5 Qd8 9. Nxf6+ gxf6 10. Qe2 Bxc2 11. Bc3 Bg6 12. O-O-O Nd7 13. d5 Bh6+ 14.
Nd2 cxd5 15. Bxd5 Rc8 16. Be4 Bxe4 17. Qxe4 Nc5 18. Qh4 Bg5 19. Qg3 Ne4 0-1

[Event "Europa ch 2012 femenino"]
[Site "Gaziantep TUR"]
[Date "2012.03.12"]
[Round "10.17"]
[White "Abdulla, Khayala"]
[Black "Savina, Anastasia"]
[Result "0-1"]
[WhiteElo "2246"]
[BlackElo "2325"]
[PlyCount "76"]
[EventDate "2012.03.02"]
[EventType "swiss"]
[EventRounds "11"]
[EventCountry "TUR"]
[Source "lmi"]
[SourceDate "2012.03.02"]

1. e4 c5 2. Nf3 Nc6 3. d4 cxd4 4. Nxd4 e5 5. Nb5 d6 6. N1c3 a6 7. Na3 b5 8. Nd5
Nce7 9. Nxe7 Bxe7 10. c4 Nf6 11. f3 O-O 12. Be3 Be6 13. Be2 bxc4 14. Nxc4 Rc8
15. b3 d5 16. Nxe5 Qc7 17. Nd3 dxe4 18. fxe4 Qc3+ 19. Bd2 Qd4 20. Bg5 Ng4 21.
Bf4 Rc3 22. Rf1 Rxd3 23. Bxd3 Ne3 24. Bxe3 Qxe3+ 25. Qe2 Bb4+ 26. Kd1 Bg4 27.
Rf3 Bxf3 28. gxf3 Qg1+ 29. Qf1 Qxh2 30. Qe2 Qg1+ 31. Qf1 Qd4 32. Rc1 Rd8 33.
Rc4 Qa1+ 34. Ke2 Qxa2+ 35. Bc2 Rd2+ 36. Ke3 Rxc2 37. Rxb4 Rc3+ 38. Kf4 Qh2+ 0-1

[Event "Europa ch 2012 femenino"]
[Site "Gaziantep TUR"]
[Date "2012.03.12"]
[Round "10.19"]
[White "Videnova, Iva"]
[Black "Bezgodova, Maria"]
[Result "1-0"]
[WhiteElo "2301"]
[BlackElo "2200"]
[PlyCount "91"]
[EventDate "2012.03.02"]
[EventType "swiss"]
[EventRounds "11"]
[EventCountry "TUR"]
[Source "lmi"]
[SourceDate "2012.03.02"]

1. e4 e5 2. Nf3 Nc6 3. Bb5 a6 4. Ba4 Nf6 5. O-O Be7 6. Re1 b5 7. Bb3 d6 8. c3
O-O 9. h3 Be6 10. d4 Bxb3 11. axb3 Qc8 12. d5 Nb8 13. c4 Nbd7 14. Nc3 Nc5 15.
b4 Ncd7 16. cxb5 axb5 17. Bd2 c5 18. dxc6 Rxa1 19. Qxa1 Qxc6 20. Qd1 Rc8 21.
Qe2 Qc4 22. Nxb5 Qxe2 23. Rxe2 Rc4 24. Re3 Rxe4 25. Rc3 d5 26. Rc8+ Nf8 27. Na7
Bxb4 28. Nc6 Bd6 29. b3 N6d7 30. Kf1 f6 31. Ba5 Rf4 32. Bd2 Re4 33. g3 Nb6 34.
Rd8 Bc7 35. Re8 Bd6 36. Ba5 Kf7 37. Rxf8+ Bxf8 38. Bxb6 Bb4 39. Be3 Bc3 40. Bd2
d4 41. Bxc3 dxc3 42. Ne1 Ke6 43. Nc2 Kd5 44. N6b4+ Kc5 45. Nd3+ Kd5 46. f3 1-0

[Event "Europa ch 2012 femenino"]
[Site "Gaziantep TUR"]
[Date "2012.03.12"]
[Round "10.20"]
[White "Rakic, Marija"]
[Black "Cherednichenko, Elena"]
[Result "1-0"]
[WhiteElo "2270"]
[BlackElo "2130"]
[PlyCount "67"]
[EventDate "2012.03.02"]
[EventType "swiss"]
[EventRounds "11"]
[EventCountry "TUR"]
[Source "lmi"]
[SourceDate "2012.03.02"]

1. d4 d5 2. c4 e6 3. cxd5 exd5 4. Nc3 Nf6 5. Bg5 c6 6. Qc2 Be7 7. e3 h6 8. Bh4
O-O 9. Bd3 Re8 10. Nf3 Ne4 11. Bxe7 Qxe7 12. Ne5 f5 13. g4 Nd7 14. Ng6 Qf6 15.
gxf5 Qxf5 16. Nf4 g5 17. f3 gxf4 18. fxe4 Qg4 19. Qf2 fxe3 20. Qxe3 Qh4+ 21.
Kd2 Nf6 22. Rag1+ Kh8 23. Rg6 Ng4 24. Qf4 Rg8 25. Rxg8+ Kxg8 26. exd5 Bd7 27.
Qd6 Qg5+ 28. Kc2 Bf5 29. Bxf5 Qxf5+ 30. Kb3 Rf8 31. Rg1 h5 32. h3 cxd5 33. hxg4
hxg4 34. Qxd5+ 1-0

[Event "Europa ch 2012 femenino"]
[Site "Gaziantep TUR"]
[Date "2012.03.12"]
[Round "10.22"]
[White "Motycakova, Monika"]
[Black "Bronnikova, Elizaveta"]
[Result "0-1"]
[WhiteElo "2087"]
[BlackElo "2252"]
[PlyCount "124"]
[EventDate "2012.03.02"]
[EventType "swiss"]
[EventRounds "11"]
[EventCountry "TUR"]
[Source "lmi"]
[SourceDate "2012.03.02"]

1. e4 c5 2. Nf3 d6 3. c3 Nf6 4. Bd3 g6 5. Bc2 Bg7 6. O-O O-O 7. h3 Nc6 8. d4
cxd4 9. cxd4 e5 10. d5 Ne7 11. Nc3 Ne8 12. a4 h6 13. Ra3 f5 14. exf5 Nxf5 15.
Ne4 Bd7 16. g4 Nh4 17. Ng3 Nxf3+ 18. Rxf3 Rxf3 19. Qxf3 Qf6 20. Qd3 Nc7 21. f4
Rf8 22. Ne4 Qe7 23. b3 Na6 24. Ba3 Rxf4 25. Rxf4 exf4 26. Bxd6 Qf7 27. b4 Bf8
28. b5 Nb4 29. Bxb4 Bxb4 30. Qd4 Be7 31. d6 Bh4 32. Nc5 Qe8 33. Qe4 f3 34.
Qxe8+ Bxe8 35. d7 Bf7 36. Bd3 Bd5 37. Bxg6 Kf8 38. a5 b6 39. Be4 Bxe4 40. axb6
Bd5 41. Ne6+ Bxe6 42. b7 f2+ 43. Kh2 f1=Q 44. b8=Q+ Kg7 45. d8=Q Bxd8 46. Qxd8
Qf2+ 47. Kh1 Qf3+ 48. Kh2 Qf4+ 49. Kh1 Qe4+ 50. Kg1 Bd5 51. Qc7+ Kg6 52. Qd6+
Qe6 53. Qg3 Qe4 54. h4 Be6 55. g5 h5 56. Qd6 Qe3+ 57. Kg2 Kf5 58. Qf8+ Kg4 59.
Qb4+ Qf4 60. Qc5 Qf3+ 61. Kg1 Bd5 62. Qd4+ Kh3 0-1

[Event "Europa ch 2012 femenino"]
[Site "Gaziantep TUR"]
[Date "2012.03.12"]
[Round "10.23"]
[White "Ozturk, Hilal"]
[Black "Makropoulou, Marina"]
[Result "0-1"]
[WhiteElo "1784"]
[BlackElo "2224"]
[PlyCount "65"]
[EventDate "2012.03.02"]
[EventType "swiss"]
[EventRounds "11"]
[EventCountry "TUR"]
[Source "lmi"]
[SourceDate "2012.03.02"]

1. e4 e5 2. Nf3 Nc6 3. Bb5 a6 4. Ba4 Nf6 5. O-O Be7 6. Re1 d6 7. c3 Bg4 8. h3
Bh5 9. d3 Nd7 10. Be3 h6 11. d4 Bg5 12. Nbd2 Bxe3 13. Rxe3 b5 14. Bb3 exd4 15.
cxd4 Nxd4 16. g4 Nxb3 17. Nxb3 Bg6 18. e5 O-O 19. exd6 cxd6 20. Qxd6 Nb6 21.
Qxd8 Rfxd8 22. Ne5 Nd5 23. Rg3 Nf4 24. Re3 Rac8 25. Na5 Rc2 26. Nac6 Rdd2 27.
Rf1 Rxb2 28. Ne7+ Kh7 29. a3 Re2 30. N7xg6 fxg6 31. h4 Nd5 32. Rxe2 Rxe2 33.
Nc6 0-1

[Event "Europa ch 2012 femenino"]
[Site "Gaziantep TUR"]
[Date "2012.03.12"]
[Round "10.24"]
[White "Foisor, Mihaela-Veronica"]
[Black "Menzi, Nezihe Ezgi"]
[Result "1-0"]
[WhiteElo "2242"]
[BlackElo "1902"]
[PlyCount "131"]
[EventDate "2012.03.02"]
[EventType "swiss"]
[EventRounds "11"]
[EventCountry "TUR"]
[Source "lmi"]
[SourceDate "2012.03.02"]

1. c4 c5 2. g3 Nf6 3. Bg2 d5 4. cxd5 Nxd5 5. Nc3 Nc7 6. Qa4+ Qd7 7. Qxd7+ Nxd7
8. d3 g6 9. Be3 Bg7 10. Rc1 Rb8 11. h4 O-O 12. h5 Ne6 13. Nd5 Re8 14. b3 b6 15.
Nf3 Bb7 16. Nf4 Nxf4 17. gxf4 e5 18. Kf1 e4 19. dxe4 Bxe4 20. h6 Bb2 21. Rd1
Nf6 22. Ne5 Rbd8 23. Rxd8 Rxd8 24. Bxe4 Nxe4 25. Kg2 f6 26. Nc4 Bd4 27. Bxd4
Rxd4 28. e3 Rd3 29. Kf3 Nc3 30. Rc1 Kf7 31. Nb2 Rd2 32. Rxc3 Rxb2 33. Rd3 Ke7
34. f5 gxf5 35. Rd1 Rxa2 36. Rg1 Ke6 37. Rg7 Ra1 38. Kg2 Rb1 39. Rxh7 Rxb3 40.
Re7+ Kxe7 41. h7 a5 42. h8=Q a4 43. Qg7+ Ke6 44. Qg8+ Ke7 45. Kf3 Rb4 46. Qd5
a3 47. Qa8 Rb3 48. Kf4 Rb2 49. f3 a2 50. Kxf5 Rf2 51. Qa7+ Kd6 52. Qxb6+ Kd7
53. Qb7+ Kd6 54. Qa6+ Kd7 55. f4 c4 56. Qe6+ Kd8 57. Qxf6+ Kc7 58. Qc3 Kd6 59.
Qd4+ Ke7 60. e4 Rc2 61. e5 c3 62. Qa7+ Kd8 63. e6 Rd2 64. Qb8+ Ke7 65. Qc7+ Ke8
66. Ke4 1-0

[Event "Europa ch 2012 femenino"]
[Site "Gaziantep TUR"]
[Date "2012.03.12"]
[Round "10.25"]
[White "Umudova, Nargiz"]
[Black "Bezgodova, Svetlana"]
[Result "1-0"]
[WhiteElo "2220"]
[BlackElo "2109"]
[PlyCount "127"]
[EventDate "2012.03.02"]
[EventType "swiss"]
[EventRounds "11"]
[EventCountry "TUR"]
[Source "lmi"]
[SourceDate "2012.03.02"]

1. e4 e5 2. Nf3 Nc6 3. Bb5 a6 4. Ba4 Nf6 5. O-O Be7 6. Re1 b5 7. Bb3 d6 8. c3
O-O 9. h3 Na5 10. Bc2 c5 11. d4 Bb7 12. d5 Nc4 13. b3 Nb6 14. a4 Bc8 15. a5
Nbd7 16. Nbd2 g6 17. Nf1 Nh5 18. Bh6 Ng7 19. g4 Nf6 20. Ng3 Kh8 21. Kh2 Ng8 22.
Bxg7+ Kxg7 23. b4 Qc7 24. Qd2 Bd7 25. Bd3 Rfc8 26. Ra3 Qa7 27. Nf1 Rc7 28. Ne3
cxb4 29. cxb4 Rac8 30. Rg1 Kf8 31. Bb1 Bf6 32. h4 Bg7 33. Kg2 Nf6 34. Kg3 h5
35. g5 Ng8 36. Kh2 Be8 37. Bd3 Ke7 38. Rb3 Bd7 39. Bb1 Rf8 40. Rg2 f6 41. gxf6+
Rxf6 42. Nf5+ Bxf5 43. exf5 Bh6 44. Ng5 Rc4 45. Bd3 Rxh4+ 46. Kg1 Rd4 47. Qc2
Rxf5 48. Rc3 Rc4 49. Rxc4 bxc4 50. Bxf5 Qd4 51. Be6 e4 52. Bxg8 Qa1+ 53. Kh2
Qe5+ 54. Rg3 h4 55. Nxe4 c3 56. Kg2 hxg3 57. fxg3 Bd2 58. Qd3 Be1 59. Be6 Bxg3
60. Qc4 Kf8 61. Nxg3 Qe3 62. Ne4 c2 63. Qc8+ Kg7 64. Qg8+ 1-0

[Event "Europa ch 2012 femenino"]
[Site "Gaziantep TUR"]
[Date "2012.03.12"]
[Round "10.26"]
[White "Kineva, Ekaterina"]
[Black "Arig, Busra"]
[Result "1/2-1/2"]
[WhiteElo "2126"]
[BlackElo "1839"]
[PlyCount "80"]
[EventDate "2012.03.02"]
[EventType "swiss"]
[EventRounds "11"]
[EventCountry "TUR"]
[Source "lmi"]
[SourceDate "2012.03.02"]

1. e4 c5 2. Nf3 e6 3. d4 cxd4 4. Nxd4 a6 5. Bd3 b5 6. a4 b4 7. O-O Bb7 8. Nd2
Qc7 9. Nc4 d5 10. exd5 Bxd5 11. Qe2 Nf6 12. a5 Nbd7 13. Re1 Bc5 14. Nb3 Be7 15.
Be3 Qb7 16. f3 Bxc4 17. Bxc4 Ne5 18. Nd2 Nxc4 19. Nxc4 Nd5 20. Bd4 O-O 21. Qf2
Rac8 22. Nb6 Nxb6 23. axb6 Rc6 24. Ra4 Rfc8 25. Rc1 e5 26. Be3 f5 27. Qe2 Ra8
28. Qd3 e4 29. fxe4 fxe4 30. Qxe4 Kh8 31. Qf3 Rf8 32. Qe2 Re6 33. Qd2 Rg6 34.
Ra5 Rd8 35. Qe2 Re6 36. Qf2 Rf8 37. Qd2 Rd8 38. Qf2 Rf8 39. Qd2 Rd8 40. Qf2 Rf8
1/2-1/2

[Event "Europa ch 2012 femenino"]
[Site "Gaziantep TUR"]
[Date "2012.03.12"]
[Round "10.27"]
[White "Drljevic, Ljilja"]
[Black "Alexanian, Nelli"]
[Result "1/2-1/2"]
[WhiteElo "2278"]
[BlackElo "2114"]
[PlyCount "131"]
[EventDate "2012.03.02"]
[EventType "swiss"]
[EventRounds "11"]
[EventCountry "TUR"]
[Source "lmi"]
[SourceDate "2012.03.02"]

1. e4 e6 2. d3 b5 3. d4 Bb7 4. Nd2 c5 5. c3 cxd4 6. cxd4 Bb4 7. Bd3 Qb6 8. a3
Qxd4 9. Qe2 Ba5 10. Ngf3 Qf6 11. O-O a6 12. Nb3 Bb6 13. Bg5 Qg6 14. Rac1 Nc6
15. Bxb5 f6 16. Bxc6 Bxc6 17. Rxc6 dxc6 18. Bd2 Ne7 19. Bb4 Qf7 20. Rd1 e5 21.
Nfd2 Rd8 22. h3 O-O 23. Qxa6 Rb8 24. Bd6 f5 25. Bxb8 Rxb8 26. Qc4 fxe4 27.
Qxf7+ Kxf7 28. Nxe4 Bxf2+ 29. Kxf2 Rxb3 30. Rd2 Nd5 31. Nc5 Rb8 32. b4 h5 33.
Kf3 Ra8 34. Rd3 Kg6 35. Ke4 Re8 36. Rg3+ Kf7 37. Nd7 Nf6+ 38. Nxf6 gxf6 39. Rc3
Ra8 40. Rxc6 Rxa3 41. Kf5 Rb3 42. Rxf6+ Kg7 43. Rg6+ Kh7 44. Rg5 Kh6 45. Rg6+
Kh7 46. Rc6 Rxb4 47. Kg5 Rb2 48. g3 Rb3 49. Rh6+ Kg7 50. Rg6+ Kf7 51. Kxh5 e4
52. Rg4 e3 53. Rf4+ Kg7 54. Re4 e2 55. Re7+ Kf8 56. Rxe2 Rxg3 57. h4 Kg7 58.
Re7+ Kg8 59. Kh6 Ra3 60. Rg7+ Kh8 61. h5 Ra5 62. Rg6 Ra7 63. Re6 Rg7 64. Re8+
Rg8 65. Re7 Rg7 66. Rxg7 1/2-1/2

[Event "Europa ch 2012 femenino"]
[Site "Gaziantep TUR"]
[Date "2012.03.12"]
[Round "10.28"]
[White "Hairapetian, Anna"]
[Black "Kaya, Emel"]
[Result "1-0"]
[WhiteElo "2227"]
[BlackElo "1997"]
[PlyCount "129"]
[EventDate "2012.03.02"]
[EventType "swiss"]
[EventRounds "11"]
[EventCountry "TUR"]
[Source "lmi"]
[SourceDate "2012.03.02"]

1. e4 e5 2. Nf3 Nc6 3. Bb5 a6 4. Bxc6 dxc6 5. O-O f6 6. d4 exd4 7. Nxd4 c5 8.
Nb3 Qxd1 9. Rxd1 Bd6 10. Be3 b6 11. N1d2 Be6 12. f4 Ne7 13. Nf3 Nc6 14. Re1
O-O-O 15. c3 Rhe8 16. Nbd2 a5 17. a4 Bf7 18. g3 Bh5 19. Kg2 h6 20. Nh4 g5 21.
Nf5 Bg6 22. Nxh6 gxf4 23. gxf4 Rh8 24. Ng4 Rdg8 25. h3 f5 26. Nf6 Rg7 27. Kh2
fxe4 28. Rg1 Be7 29. Nfxe4 Bf8 30. Ng5 Ne7 31. Nde4 Nd5 32. Bd2 Bxe4 33. Nxe4
Rgh7 34. Ng5 Rh4 35. Raf1 Bd6 36. Kg3 R4h5 37. Kh2 Rh4 38. Kg3 R4h5 39. Kf3 Be7
40. Ke4 Nf6+ 41. Kd3 Nd7 42. Kc2 c4 43. Rf3 Rg8 44. Re1 Bd6 45. Re4 Rf8 46. f5
Ne5 47. Rf1 Nf7 48. h4 Bg3 49. Nxf7 Rxf7 50. Bg5 Rh8 51. Rf3 Bd6 52. f6 Kd7 53.
Rfe3 Bf8 54. Re8 Rh5 55. Rb8 Bd6 56. Ree8 Rhh7 57. Rbd8+ Kc6 58. Re4 Kd5 59.
Re7 Kc6 60. Rxf7 Rxf7 61. h5 Kd5 62. Re8 Be5 63. h6 Ke4 64. Rf8 Rxf8 65. h7 1-0

[Event "Europa ch 2012 femenino"]
[Site "Gaziantep TUR"]
[Date "2012.03.12"]
[Round "10.29"]
[White "Shaydullina, Sandugach"]
[Black "Cemhan, Kardelen"]
[Result "1/2-1/2"]
[WhiteElo "2197"]
[BlackElo "1954"]
[PlyCount "209"]
[EventDate "2012.03.02"]
[EventType "swiss"]
[EventRounds "11"]
[EventCountry "TUR"]
[Source "lmi"]
[SourceDate "2012.03.02"]

1. d4 d5 2. c4 dxc4 3. Nf3 Nf6 4. e3 e6 5. Bxc4 c5 6. O-O a6 7. Bb3 cxd4 8.
exd4 Nc6 9. Nc3 Be7 10. Re1 O-O 11. a3 Na5 12. Ba2 b5 13. d5 Nxd5 14. Nxd5 exd5
15. Qxd5 Bb7 16. Qxd8 Bxd8 17. Ne5 Bf6 18. Nd7 Rfe8 19. Nxf6+ gxf6 20. Bd2 Nc4
21. Bc3 Kg7 22. Rad1 Rad8 23. Rxd8 Rxd8 24. f3 Bd5 25. Rd1 Rd7 26. Rd4 Be6 27.
Rxd7 Bxd7 28. Bxc4 bxc4 29. Kf2 Kg6 30. Ke3 Kf5 31. Kd4 Bb5 32. Kd5 Kg6 33. Kd6
f5 34. Ke5 h5 35. h4 Bc6 36. Kd6 Bb5 37. Bd2 Be8 38. Kd5 Bb5 39. Ba5 Kh7 40.
Kd6 Kg6 41. Bd8 Ba4 42. Bg5 Bb5 43. Ke5 Ba4 44. Bd8 Bb5 45. g3 Bc6 46. Kd4 Bb5
47. Kc5 Kh7 48. Bg5 Kg6 49. Kd5 Kh7 50. Ke5 Kg6 51. Be7 Bc6 52. Kf4 Bd7 53. Bb4
Be6 54. Ke5 Bd7 55. Bd2 Bc6 56. Kd4 Bb5 57. f4 Kg7 58. Kd5 Kg6 59. Bc3 Kh7 60.
Bf6 Kg6 61. Ke5 Bd7 62. Bd8 Bc6 63. Be7 Bd7 64. Bf8 Bc6 65. Kd6 Ba4 66. Kd5 Bb5
67. Kd6 Ba4 68. Kd5 Bb5 69. Kd4 Kh7 70. Ke5 Kg6 71. Bb4 Bd7 72. Bd2 Bc6 73. Be1
Bd7 74. Bf2 Bc6 75. g4 hxg4 76. h5+ Kxh5 77. Kxf5 Bf3 78. Kf6 Bd5 79. Bg3 Kh6
80. Kf5 Kh5 81. Ke5 Bc6 82. Kf6 Bd5 83. Be1 Kh6 84. Ke5 Bc6 85. Kf5 Kh5 86. Bg3
Bd5 87. Be1 Bc6 88. Kf6 Bd5 89. Bf2 Kh6 90. Ke5 Bc6 91. Kf5 Kh5 92. Kf6 Bd5 93.
Be1 Kh6 94. Bf2 Kh5 95. Bg3 Kh6 96. Bf2 Kh5 97. Kf5 Bc6 98. Be1 Bd5 99. Bg3 Bc6
100. Kf6 Bd5 101. Kg7 Be6 102. Kh7 Bf5+ 103. Kg7 Be6 104. Kf6 Bd5 105. Kg7
1/2-1/2

[Event "Europa ch 2012 femenino"]
[Site "Gaziantep TUR"]
[Date "2012.03.12"]
[Round "10.30"]
[White "Mareckova, Martina"]
[Black "Tsiganova, Monika"]
[Result "0-1"]
[WhiteElo "2114"]
[BlackElo "2185"]
[PlyCount "110"]
[EventDate "2012.03.02"]
[EventType "swiss"]
[EventRounds "11"]
[EventCountry "TUR"]
[Source "lmi"]
[SourceDate "2012.03.02"]

1. e4 c5 2. Nc3 d6 3. g3 Nc6 4. Bg2 g6 5. d3 Bg7 6. Be3 Nd4 7. Qd2 Rb8 8. h3 b5
9. f4 b4 10. Nd1 e5 11. Nf3 Ne7 12. O-O O-O 13. c3 bxc3 14. bxc3 Nxf3+ 15. Rxf3
exf4 16. Bxf4 Nc6 17. Rc1 Ne5 18. Bxe5 dxe5 19. Ne3 Be6 20. Rd1 Qa5 21. Nd5 Rb7
22. Rc1 c4 23. Kh2 Rfb8 24. Rc2 Rb1 25. dxc4 Qc5 26. Rf1 R1b7 27. Qe2 h5 28.
Bf3 a5 29. g4 hxg4 30. Bxg4 Bxg4 31. hxg4 Bh6 32. Kg2 Bg5 33. Qd3 Rb2 34. Rff2
Rb1 35. Qf3 R8b7 36. Nf6+ Kg7 37. Ne8+ Kf8 38. Nf6 Be3 39. Rf1 R1b2 40. Re2
Qxc4 41. Rfe1 Qxc3 42. Rxb2 Rxb2+ 43. Re2 Rxe2+ 44. Qxe2 Bf4 45. Qa6 Qb2+ 46.
Kf1 Qb1+ 47. Ke2 Qxa2+ 48. Kf1 Qb1+ 49. Ke2 Qc2+ 50. Kf1 Qd1+ 51. Kf2 Qd2+ 52.
Kf1 Be3 53. Qc8+ Kg7 54. Ne8+ Kh6 55. g5+ Kxg5 0-1

[Event "Europa ch 2012 femenino"]
[Site "Gaziantep TUR"]
[Date "2012.03.12"]
[Round "10.31"]
[White "Coimbra, Margarida"]
[Black "Martynkova, Olena"]
[Result "1-0"]
[WhiteElo "2156"]
[BlackElo "1689"]
[PlyCount "93"]
[EventDate "2012.03.02"]
[EventType "swiss"]
[EventRounds "11"]
[EventCountry "TUR"]
[Source "lmi"]
[SourceDate "2012.03.02"]

1. e4 e5 2. Nf3 Nc6 3. d4 exd4 4. Nxd4 Bc5 5. Be3 Qf6 6. c3 Nge7 7. Bc4 b6 8.
O-O O-O 9. Nc2 Bb7 10. Nd2 d6 11. f4 Rad8 12. Qe2 d5 13. Bxc5 bxc5 14. exd5
Nxd5 15. Ne4 Qe7 16. Rae1 Nb6 17. Qh5 Qd7 18. Nxc5 Qc8 19. Nxb7 Qxb7 20. Bb3
Nd7 21. Rd1 Nf6 22. Qf3 Qb6+ 23. Qe3 Rfe8 24. Qxb6 axb6 25. Ba4 Ne7 26. Bxe8
Rxe8 27. Rfe1 Kf8 28. Nd4 c5 29. Nb5 Nf5 30. Rxe8+ Kxe8 31. Nd6+ Nxd6 32. Rxd6
Nd7 33. Kf2 Kd8 34. Ke3 Kc7 35. Rxd7+ Kxd7 36. Ke4 Ke6 37. f5+ Kd6 38. a4 f6
39. b4 cxb4 40. cxb4 Kc6 41. a5 bxa5 42. bxa5 Kb5 43. Kd5 Kxa5 44. Ke6 Kb5 45.
Kf7 Kc4 46. Kxg7 Kd5 47. Kxf6 1-0

[Event "Europa ch 2012 femenino"]
[Site "Gaziantep TUR"]
[Date "2012.03.12"]
[Round "10.32"]
[White "Uta, Adeline-Ramona"]
[Black "De Seroux, Camille"]
[Result "1/2-1/2"]
[WhiteElo "2098"]
[BlackElo "2122"]
[PlyCount "139"]
[EventDate "2012.03.02"]
[EventType "swiss"]
[EventRounds "11"]
[EventCountry "TUR"]
[Source "lmi"]
[SourceDate "2012.03.02"]

1. e4 c5 2. Nf3 d6 3. d4 cxd4 4. Nxd4 Nf6 5. Nc3 Nc6 6. Bg5 Qb6 7. Nb3 e6 8.
Qd2 Be7 9. Bxf6 gxf6 10. a4 Na5 11. Bb5+ Bd7 12. Bxd7+ Kxd7 13. Nxa5 Qxa5 14.
O-O Rac8 15. Kh1 f5 16. Qd3 Qb4 17. Qb5+ Qxb5 18. axb5 fxe4 19. Rxa7 Kc7 20.
Ra3 d5 21. Rb3 Ra8 22. Ne2 Kb6 23. f4 Rhc8 24. Rc1 Bf6 25. g4 Rc5 26. g5 Bg7
27. Ng3 Ra2 28. c3 Rxb5 29. Rxb5+ Kxb5 30. b3 Rb2 31. c4+ Kb6 32. cxd5 exd5 33.
Nf5 Bf8 34. Rd1 Rxb3 35. Rxd5 Rf3 36. Re5 Rxf4 37. Ng3 Bd6 38. Re8 Rh4 39. Nf5
Rxh2+ 40. Kg1 Rd2 41. Rxe4 Rd5 42. Nxd6 Rxd6 43. Re7 Rd5 44. Rxf7 Rxg5+ 45. Kf2
Rh5 46. Ke2 Kc6 47. Kd2 b5 48. Kc3 h6 49. Kb4 Rh4+ 50. Kb3 Rd4 51. Rf6+ Rd6 52.
Rf5 Kb6 53. Rh5 Ka5 54. Ka3 Rg6 55. Kb3 Re6 56. Ka3 Rg6 57. Kb3 Kb6 58. Kb4 Ka6
59. Kb3 Ka5 60. Ka3 Rf6 61. Kb3 Rc6 62. Ka3 Re6 63. Kb3 Re3+ 64. Kb2 Kb4 65.
Rh4+ Kc5 66. Rxh6 b4 67. Rh8 Re4 68. Kb3 Re3+ 69. Kb2 Re5 70. Kb3 1/2-1/2

[Event "Europa ch 2012 femenino"]
[Site "Gaziantep TUR"]
[Date "2012.03.12"]
[Round "10.33"]
[White "Soyunlu, Narmin"]
[Black "Dai, Irmak"]
[Result "1/2-1/2"]
[WhiteElo "1842"]
[BlackElo "1592"]
[PlyCount "119"]
[EventDate "2012.03.02"]
[EventType "swiss"]
[EventRounds "11"]
[EventCountry "TUR"]
[Source "lmi"]
[SourceDate "2012.03.02"]

1. c4 c5 2. g3 g6 3. Bg2 Bg7 4. Nc3 Nc6 5. Nf3 d6 6. O-O Nf6 7. e4 Nd7 8. d3
O-O 9. Be3 Nde5 10. Nxe5 Nxe5 11. h3 e6 12. Ne2 f5 13. f4 Nd7 14. exf5 Rxf5 15.
d4 Rf8 16. Kh2 e5 17. dxe5 dxe5 18. Qd5+ Kh8 19. Bxc5 Nxc5 20. Qxc5 Be6 21.
fxe5 Rxf1 22. Rxf1 Rc8 23. Qxa7 Bxc4 24. Rf2 Bxe5 25. Bxb7 Qc7 26. Qe3 Rd8 27.
Be4 Bd6 28. Qc3+ Be5 29. Qe3 Bxb2 30. Qh6 Bg7 31. Qh4 Qb6 32. Rg2 Bf7 33. Qe7
Bc4 34. Qh4 Bf7 35. Qe7 Bxa2 36. Nf4 Bf6 37. Qa3 Bc4 38. Rc2 Qd4 39. Bg2 Be5
40. Qb4 Rc8 41. Bf1 Bg8 42. Qd2 Rxc2 43. Qxc2 Bxf4 44. gxf4 Qxf4+ 45. Kg1 Qe3+
46. Qf2 Qxf2+ 47. Kxf2 Kg7 48. Kg3 Kf6 49. Bd3 Be6 50. Bb5 Ke5 51. h4 h6 52.
Bd3 Bf5 53. Bc4 Kd4 54. Bf7 Ke3 55. Be8 Ke4 56. Bc6+ Ke5 57. Bb5 Ke4 58. Bc6+
Ke5 59. Bb5 Ke4 60. Bc6+ 1/2-1/2